000 00326nam a22001337a 4500
008 170407b xxu||||| |||| 00| 0 eng d
020 _a9780023090110
041 _aeng
080 _23RD
_a616
100 _a9
101 _aSHM
245 _aLANGUAGE AND COMMUNICATION DISORDERS IN CHILDREN
_cBERNSTEIN, D.K
942 _2udc
_cBK
999 _c10221
_d10221